00849nam a2200229 i 450000100060000000300080000600500170001400800390003103500190007004000320008904100080012108200270012910000370015624501470019326000450034030000540038549000280043950000580046765100450052570000280057073000210059832682BD-RjUL20211209051859.0140428s1975 ii af 000 0 eng a(BD-RjUL)32772 aDLCcDLCdDLCdBD-RjULbeng aeng00a294.5922219bOMG 19751 aOman, John Campbell.d1841-1911.14aThe great Indian epics :bthe stories of the Ramayana and the Mahabharata, with notes, appendices, and illustrations /cby John Campbell Oman. aDelhi :bIndian Reprint Pub. Co.,c1975. ax, 256 p., [5] leaves of plates :bill. ;c23 cm.0 aBohn's standard library aReprint of the 1899 ed. published by G. Bell, London. 0aIndiaxSocial life and customsxFiction.0 aValmiki.tRāmāyana.0 aMahābhārata.